000 01516ngm a22004090a 4500
001 PT36637
003 AR-LpoUNG
005 20210202000505.0
007 vd cvaizq
008 191001suuuu||||ag |||||||||||||||||spa d
037 _c$6.63
037 _c$7.96
037 _c$8.25
037 _c$9,96
040 _aAR-LpoUNG
_bspa
_cAR-LpoUNG
_eaacr
041 _aspa
044 _aag
082 0 _a982.064 976his
100 1 _aPuenzo, Luis
_edir.
245 1 3 _aLa historia oficial
260 _aBuenos Aires :
_bAVH,
_c2008.
300 _aDVD (112 min.) : son., col.
505 0 _aHecha en 1985. - Elenco: Norma Aleandro, Héctor Alterio.
520 _a<p>Alicia, la protagonista, transita en su trabajo y en su vida privada, la traum&aacute;tica y reveladora experiencia de descubrir, lenta y dolorosamente, lo oculto destr&aacute;s de la versi&oacute;n oficial y aceptada en la que se hab&iacute;a refugiado. Y ella como la enorme mayor&iacute;a de sus compatriotas parece despertar para asumir que esa pesadilla es su realidad y para intentar convivir...con esa verdad, con su dolor, su culpa, su miedo y su necesidad de actuar para modificarla, para repararla.</p>
650 4 _aASPECTOS POLITICOS
650 4 _aCOMPORTAMIENTO POLITICO
650 4 _aDEMOCRACIA
650 4 _aEXTREMISMO
650 4 _aFUERZAS ARMADAS
650 4 _aIDEOLOGIAS
650 4 _aIDEOLOGIAS POLITICAS
653 _aCINE ARGENTINO
653 _aDVD
653 _aVIDEOS
905 _a36637
942 _cDVD
999 _c54955
_d54955